The moral life of schools
Αποθηκεύτηκε σε:
| Κύριος συγγραφέας: | |
|---|---|
| Άλλοι συγγραφείς: | , |
| Μορφή: | Βιβλίο |
| Γλώσσα: | English |
| Δημοσίευση: |
San Francisco :
Jossey-Bass,
1993.
|
| Θέματα: | |
| Ετικέτες: |
Προσθήκη ετικέτας
Δεν υπάρχουν, Καταχωρήστε ετικέτα πρώτοι!
|
MARC
| LEADER | 00000cam a2200000 i 4500 | ||
|---|---|---|---|
| 001 | 1/1654 | ||
| 008 | 000417s1993 cau| ||| |||| ||eng|| | ||
| 020 | |a 1555425771 | ||
| 035 | |l 10060100 | ||
| 040 | |a GR-MyUa |b gre |e AACR2 | ||
| 041 | 0 | |a eng | |
| 082 | 7 | |a 370.114 |2 (22) | |
| 100 | 1 | |a Jackson, Philip W. |q (Philip Wesley), |d 1928-2015. | |
| 245 | 1 | 4 | |a The moral life of schools / |c Philip W. Jackson, Robert E. Boostrom, David T. Hansen. |
| 260 | |a San Francisco : |b Jossey-Bass, |c 1993. | ||
| 300 | |a 323 σ. ; |c 24 εκ. | ||
| 650 | 0 | 0 | |a Moral education |z United States. |
| 650 | 0 | 0 | |a Classroom management |z United States. |
| 650 | 0 | 0 | |a School mamagement and organization |z United States. |
| 650 | 0 | 0 | |a Education |z United States |x Aims and Objectives. |
| 700 | 1 | |a Boostrom, Robert E., |d 1949- | |
| 700 | 1 | |a Hansen, David T., |d 1952- | |
| 852 | |a INST |b RHODES |e 20000417 |h 370.114 JAC |p 005400013607 |q 005400013607 |t BK |y 0 | ||
| 901 | |a BIBL4-2000-1 | ||
| 922 | |a 4ΕΛΗ |b 200004 |c ΚΠΣ/154 |d LEADER BOOKS | ||
| 970 | |a ΚΟΥΛΑΚΙΟΤΗ |b ΛΙΤΣΑ |z 2000/04/17 | ||